Представление документа в формате RUSMARC

ПолеНазваниеЗначение
  Тип записи a
  Библиографический уровень a
001 Контрольный номер UONB/MAIN/8e2115a6396243949ad2e88d9e165bbf
005 Дата корректировки 20260512162700.6
100 Данные общей обработки __
a Данные общей обработки 20260512 ||| 0rusy0189 ca
101 Язык документа 0_
a Язык текста rus
102 Страна публикации __
a Страна публикации RU
200 Заглавие и сведения об ответственности 1_
a Заглавие 40 лет после Чернобыля: память, поддержка, благодарность...
203 Вид содержания и тип средства __
a Вид содержания Текст
b Характеристика содержания визуальный
c Тип средства непосредственный
215 Физическое описание __
c Иллюстрации/тип воспроизводства ил., портр.
330 Аннотация __
a Аннотация В Новомалыклинском районе прошла встреча с ликвидаторами аварии на Чернобыльской АЭС и вдовами участников ликвидации последствий катастрофы.
461 Уровень набора _0
1 2000
a Звезда
463 Уровень физической единицы _0
1 2000
a № 18 (10550) (1 мая)
v С. 5
1 2101
d 2026
1 001UONB/MAIN/469291ae8fcb4881b5a91190d0804639
600 Персоналии _1
a Персоналии (Фамилия) Катиркина
b Персоналии (Имя, инициалы) С.
g Полное имя Светлана
607 Географические рубрики __
a Географическое наименование Новомалыклинский район (Ульяновская область)
610 Ключевые слова 0_
a Ключевые слова Чернобыльская катастрофа; ликвидаторы аварии на Чернобыльской АЭС; ликвидаторы последствий техногенных катастроф
686 Индексы других классификаций __
2 Код системы rubbk
a Классификационный индекс 68.69
801 Источник записи _0
a Страна RU
b Организация Ульяновская ОНБ
c Дата составления 20260512
g Правила каталогизации RCR
801 Источник записи _1
a Страна RU
b Организация Ульяновская ОНБ
c Дата составления 20260512
g Правила каталогизации RCR
901 Тип документа __
t Тип документа f
w Контрольный № источника UONB/MAIN/469291ae8fcb4881b5a91190d0804639
909 Создатель записи __
a Создатель записи Логинова
b Дата создания записи 20260512